Datum a čas kvízu
35
Celkem bodů
Celkový počet nahraných bodů na tomto kvízu bez doplňovacích otázek.
3.
Pořadí na kvízu
Konečné umístění týmu na tomto kvízu.
Zaznamenané odpovědi
| # | Otázka | Odpověď | Body | Výsledky |
|---|---|---|---|---|
| 1. | Čeští speleologové naměřili mi... | 450 m | 0 | |
| 2. | V úterý navštívila Tchaj-wan p... | Nancy Pelosiová | 1 | |
| 3. | Ve čtvrtek měla premiéru komed... | Střídavka | 1 | |
| 4. | Časopis Forbes zveřejnil žebří... | Tomáš Satoranský, Karolína Plíšková | 0.5 | |
| 5. | Finále ženského fotbalového Eu... | Anglie, Německo | 0 | |
| 6. | V následujícím tématu se budem... | indický běžec | 0 | |
| 7. | Uveďte název filmu z roku 1984... | Rozpuštěný a vypuštěný | 1 | |
| 8. | Tento ikonický vůz s modelovým... | Citroën | 1 | |
| 9. | Název tohoto profesionálního a... | v Anaheimu | 1 | |
| 10. | „Kačerov jak hurikán, k nám už... | laser | 1 |